[Event "12.Traum-Open"]
[Site "Oberstdorf"]
[Date "2005.07.14"]
[Round "6"]
[White "Storkebaum, Karl-Heinrich"]
[Black "Schäfer, Thomas"]
[Result "1/2-1/2"]
[WhiteElo "2023"]
[BlackElo "1979"]
[PlyCount "24"]
[EventDate "2005.??.??"]

1. d4 Nf6 2. c4 e6 3. Nc3 Bb4 4. Qc2 d5 5. cxd5 exd5 6. Bg5 h6 7. Bxf6 Qxf6 8.
e3 c6 9. Bd3 O-O 10. Nf3 Nd7 11. h3 Re8 12. a3 Bd6 1/2-1/2

[Event "12.Traum-Open"]
[Site "Oberstdorf"]
[Date "2005.07.14"]
[Round "6"]
[White "Johanssen, Torsten"]
[Black "Buchäckert, Jürgen"]
[Result "1-0"]
[WhiteElo "1900"]
[BlackElo "1898"]
[PlyCount "33"]
[EventDate "2005.??.??"]

1. c4 Nf6 2. Nc3 d5 3. cxd5 Nxd5 4. Nf3 g6 5. e4 Nxc3 6. bxc3 Bg7 7. Ba3 O-O 8.
d4 Nd7 9. Qb3 b6 10. Bc4 h6 11. O-O a5 12. Bd5 Rb8 13. Rfe1 Nf6 14. Ne5 Nxd5
15. Nc6 Qe8 16. exd5 Ra8 17. Rxe7 1-0

[Event "12.Traum-Open"]
[Site "Oberstdorf"]
[Date "2005.07.14"]
[Round "6"]
[White "Bullock, Alfred"]
[Black "Kreie, Günter"]
[Result "0-1"]
[WhiteElo "1490"]
[BlackElo "1942"]
[PlyCount "40"]
[EventDate "2005.??.??"]

1. Nf3 Nf6 2. b3 c5 3. Bb2 e6 4. c4 Nc6 5. g3 d5 6. cxd5 exd5 7. d4 Ne4 8. Bg2
Qa5+ 9. Nbd2 cxd4 10. O-O Nc3 11. Bxc3 dxc3 12. Nb1 Be7 13. e3 Bg4 14. Qc2 Bxf3
15. Bxf3 Bf6 16. a3 O-O 17. b4 Nxb4 18. axb4 Qxa1 19. Bxd5 Qb2 20. Qa4 c2 0-1

[Event "12.Traum-Open"]
[Site "Oberstdorf"]
[Date "2005.07.14"]
[Round "6"]
[White "Pscherer, Gerhard"]
[Black "Schwarz, Werner"]
[Result "0-1"]
[WhiteElo "1623"]
[BlackElo "1963"]
[PlyCount "56"]
[EventDate "2005.??.??"]

1. d4 Nf6 2. Nf3 g6 3. e3 Bg7 4. Bd3 d6 5. O-O O-O 6. Nbd2 b6 7. e4 Bb7 8. b3
Nbd7 9. Bb2 c5 10. c4 cxd4 11. Bxd4 Nc5 12. Qc2 Nxd3 13. Qxd3 Qc7 14. Rfe1 Rad8
15. Rac1 Qb8 16. Qe2 Rfe8 17. e5 dxe5 18. Bxe5 Qa8 19. Rcd1 Rd7 20. Bxf6 Bxf6
21. Ne5 Bxe5 22. Qxe5 Bxg2 23. f3 Bxf3 24. Nxf3 Rxd1 25. Rxd1 Qxf3 26. Rf1 Qg4+
27. Kh1 Qd7 28. Qf4 e5 0-1

[Event "12.Traum-Open"]
[Site "Oberstdorf"]
[Date "2005.07.14"]
[Round "6"]
[White "Slacik, Johann"]
[Black "Winkler, Hans"]
[Result "0-1"]
[WhiteElo "1904"]
[BlackElo "1615"]
[PlyCount "68"]
[EventDate "2005.??.??"]

1. d4 Nf6 2. Nf3 g6 3. c4 Bg7 4. Nc3 d5 5. e3 c5 6. dxc5 Qa5 7. Qa4+ Qxa4 8.
Nxa4 dxc4 9. Bxc4 Bd7 10. Nc3 Nc6 11. a3 Na5 12. Ba2 Nc6 13. Bd2 Bf5 14. O-O
O-O 15. Nd4 Bd3 16. Nxc6 bxc6 17. Rfe1 Rab8 18. b3 Ne4 19. Nxe4 Bxa1 20. Rxa1
Bxe4 21. f3 Bd5 22. Rb1 Rfd8 23. Ba5 Rd7 24. Rd1 Rbb7 25. Kf2 Be6 26. Rb1 Rb5
27. Bb4 Rxb4 28. axb4 Rd2+ 29. Kg3 Rxa2 30. b5 cxb5 31. b4 Ra6 32. Kf4 f6 33.
h4 h6 34. Ke4 Bf5+ 0-1

[Event "12.Traum-Open"]
[Site "Oberstdorf"]
[Date "2005.07.14"]
[Round "6"]
[White "Lübbers, Doris"]
[Black "Wechs, Julian"]
[Result "1/2-1/2"]
[WhiteElo "1347"]
[BlackElo "1237"]
[PlyCount "76"]
[EventDate "2005.??.??"]

1. d4 Nf6 2. Nf3 g6 3. c4 Bg7 4. Nc3 d6 5. e3 O-O 6. Bd3 Nbd7 7. O-O Re8 8. e4
e5 9. dxe5 dxe5 10. Be3 Qe7 11. Nd5 Nxd5 12. cxd5 f5 13. Qb3 Kh8 14. g3 Qf6 15.
Ng5 Nb6 16. Rac1 f4 17. Bxb6 cxb6 18. Nf3 Bh3 19. Rfe1 fxg3 20. Bf1 gxh2+ 21.
Nxh2 Bxf1 22. Rxf1 Rac8 23. Qf3 Qxf3 24. Nxf3 h6 25. b3 b5 26. Rfd1 Red8 27.
Ne1 Bf8 28. Nd3 Bd6 29. Rxc8 Rxc8 30. Rc1 Rxc1+ 31. Nxc1 Kg7 32. Kg2 Kf6 33.
Ne2 Kg5 34. Kg3 h5 35. f3 h4+ 36. Kh3 a6 37. Kg2 Kh5 38. Kh3 Kg5 1/2-1/2

[Event "12.Traum-Open"]
[Site "Oberstdorf"]
[Date "2005.07.14"]
[Round "6"]
[White "Kumeth, Hartmut"]
[Black "Gestrich, Wolfgang"]
[Result "1-0"]
[WhiteElo "1600"]
[BlackElo "1783"]
[PlyCount "91"]
[EventDate "2005.??.??"]

1. d4 Nf6 2. c4 d6 3. Nc3 Bf5 4. g3 c6 5. Bg2 Nbd7 6. e4 Bg6 7. Nge2 e5 8. O-O
h6 9. f4 exf4 10. Nxf4 Bh7 11. Nd3 Qa5 12. b4 Qh5 13. Nf4 Qxd1 14. Rxd1 g5 15.
Nfe2 Bg7 16. a4 O-O 17. Ba3 Rfe8 18. b5 Bxe4 19. Bxd6 Bxg2 20. Kxg2 cxb5 21.
axb5 Ne4 22. Nxe4 Rxe4 23. Kf3 Rae8 24. Ra2 Nf6 25. c5 Re3+ 26. Kf2 Ng4+ 27.
Kf1 Nxh2+ 28. Kf2 Ng4+ 29. Kf1 Rf3+ 30. Ke1 Ne3 31. Rd3 Rf1+ 32. Kd2 Nc4+ 33.
Kc3 Nxd6 34. cxd6 Rf2 35. Rdd2 Bf6 36. Kd3 Rf3+ 37. Kc4 Rc8+ 38. Kb4 Ra8 39.
Rdc2 Kf8 40. d7 Rd8 41. Rc7 Rf2 42. Rxb7 Bxd4 43. Nxd4 Rxa2 44. Nc6 a5+ 45. Kb3
Rd2 46. Nxd8 1-0

[Event "12.Traum-Open"]
[Site "Oberstdorf"]
[Date "2005.07.14"]
[Round "7"]
[White "Stiemer, Sönke"]
[Black "Graf, Joachim"]
[Result "1/2-1/2"]
[WhiteElo "2049"]
[BlackElo "2145"]
[PlyCount "33"]
[EventDate "2005.??.??"]

1. d4 d5 2. c4 e6 3. Nc3 Nf6 4. Bg5 Be7 5. e3 h6 6. Bh4 O-O 7. Nf3 b6 8. cxd5
Nxd5 9. Bxe7 Qxe7 10. Nxd5 exd5 11. Rc1 Be6 12. Be2 c5 13. dxc5 bxc5 14. O-O
Rc8 15. Qa4 Qb7 16. b3 Qb6 17. Rfd1 1/2-1/2

[Event "12.Traum-Open"]
[Site "Oberstdorf"]
[Date "2005.07.14"]
[Round "7"]
[White "Schirmer, Werner"]
[Black "Fischer, Roger"]
[Result "0-1"]
[WhiteElo "2050"]
[BlackElo "2175"]
[PlyCount "44"]
[EventDate "2005.??.??"]

1. e4 d6 2. d4 Nf6 3. Nc3 e5 4. dxe5 dxe5 5. Qxd8+ Kxd8 6. Bg5 Be6 7. O-O-O+
Nbd7 8. Nd5 Kc8 9. f3 c6 10. Ne3 b5 11. Ne2 Bc5 12. Nf5 g6 13. Nh6 Ne8 14. Ng3
f6 15. Bd2 Bxa2 16. h4 a5 17. Ng4 h5 18. Ne3 Be6 19. c4 b4 20. Nc2 Nd6 21. b3
Kc7 22. Ne3 a4 0-1

[Event "12.Traum-Open"]
[Site "Oberstdorf"]
[Date "2005.07.14"]
[Round "7"]
[White "Fehres, Werner"]
[Black "Storkebaum, Karl-Heinrich"]
[Result "1/2-1/2"]
[WhiteElo "2033"]
[BlackElo "2023"]
[PlyCount "44"]
[EventDate "2005.??.??"]

1. e4 d5 2. e5 c5 3. c3 Bf5 4. d3 e6 5. Nf3 Nc6 6. Be2 Qc7 7. Qa4 f6 8. g4 b5
9. Qxb5 Bxg4 10. Nd4 cxd4 11. Bxg4 f5 12. Be2 Kf7 13. f4 Rb8 14. Qa4 Be7 15.
O-O dxc3 16. bxc3 g6 17. Qd1 h5 18. Qe1 h4 19. c4 Nh6 20. h3 Nb4 21. Qd1 Rb6
22. Nd2 Nc6 1/2-1/2

[Event "12.Traum-Open"]
[Site "Oberstdorf"]
[Date "2005.07.14"]
[Round "7"]
[White "Sander, Rolf"]
[Black "Siegmund, Rainer"]
[Result "1/2-1/2"]
[WhiteElo "2046"]
[BlackElo "2149"]
[PlyCount "42"]
[EventDate "2005.??.??"]

1. e4 c5 2. Nf3 Nc6 3. d4 cxd4 4. Nxd4 Nf6 5. Nc3 e5 6. Ndb5 d6 7. Bg5 a6 8.
Na3 b5 9. Bxf6 gxf6 10. Nd5 Bg7 11. c3 f5 12. exf5 Bxf5 13. Nc2 O-O 14. Nce3
Be6 15. Bd3 f5 16. O-O Ra7 17. f4 e4 18. Bc2 Kh8 19. a3 a5 20. Qe2 Qb8 21. g4
Bxd5 1/2-1/2

[Event "12.Traum-Open"]
[Site "Oberstdorf"]
[Date "2005.07.14"]
[Round "7"]
[White "Maugg, Ludwig"]
[Black "Johanssen, Torsten"]
[Result "1/2-1/2"]
[WhiteElo "2147"]
[BlackElo "1900"]
[PlyCount "43"]
[EventDate "2005.??.??"]

1. d4 Nf6 2. c4 e5 3. dxe5 Ng4 4. Nf3 Bc5 5. e3 Nc6 6. Be2 Ngxe5 7. Nxe5 Nxe5
8. O-O O-O 9. Nc3 d6 10. Na4 Qe7 11. b3 Bf5 12. Bb2 Rfe8 13. Qd2 Be4 14. Nxc5
dxc5 15. Qc3 f6 16. Rad1 b6 17. f3 Bf5 18. e4 Be6 19. Rd2 Rad8 20. Rfd1 Rxd2
21. Qxd2 Nc6 22. Qe3 1/2-1/2

[Event "12.Traum-Open"]
[Site "Oberstdorf"]
[Date "2005.07.14"]
[Round "7"]
[White "Lücke, Volkmar"]
[Black "Winkler, Hans"]
[Result "1/2-1/2"]
[WhiteElo "2009"]
[BlackElo "1615"]
[PlyCount "101"]
[EventDate "2005.??.??"]

1. Nf3 Nf6 2. g3 b6 3. Bg2 Bb7 4. O-O g6 5. d4 Bg7 6. c4 O-O 7. Nc3 d5 8. Ne5
c6 9. b3 Nbd7 10. f4 e6 11. Bb2 Nxe5 12. fxe5 Ng4 13. Qd3 Nh6 14. cxd5 exd5 15.
Rf3 Bc8 16. Raf1 Bg4 17. R3f2 Qd7 18. Ba3 Rfe8 19. Bc1 Rf8 20. Bxh6 Bxh6 21. e4
Be6 22. exd5 cxd5 23. Nb5 Bf5 24. Qe2 Rac8 25. Nd6 Rc2 26. Qf3 Rxf2 27. Rxf2
Be6 28. Rc2 Bg5 29. Qc3 Rd8 30. h4 Be7 31. Qc7 Bxd6 32. exd6 Qxd6 33. Qxa7 Qxg3
34. Qxb6 Qe1+ 35. Kh2 Qxh4+ 36. Kg1 Qe7 37. Qc5 Qg5 38. Qa7 Rd7 39. Qb6 Bh3 40.
Qb8+ Rd8 41. Qe5 Qg4 42. Kh2 Bxg2 43. Rxg2 Qh4+ 44. Kg1 Rc8 45. Qe3 Kf8 46. Re2
Qg4+ 47. Kf2 Qh4+ 48. Kg2 Qg4+ 49. Kf2 Qh4+ 50. Kg2 Qg4+ 51. Kf2 1/2-1/2

[Event "12.Traum-Open"]
[Site "Oberstdorf"]
[Date "2005.07.14"]
[Round "7"]
[White "Froehlich, Rainer"]
[Black "Sakowski, Christian"]
[Result "1/2-1/2"]
[WhiteElo "2128"]
[BlackElo "1986"]
[PlyCount "48"]
[EventDate "2005.??.??"]

1. c4 Nf6 2. Nc3 g6 3. g3 Bg7 4. Bg2 e5 5. e3 O-O 6. Nge2 d6 7. O-O c6 8. d4
Qc7 9. b4 Nbd7 10. c5 d5 11. a4 e4 12. a5 a6 13. Na4 Re8 14. Nb6 Rb8 15. Nxc8
Rbxc8 16. Nf4 Nf8 17. Bd2 Rcd8 18. Qe2 Ne6 19. Nxe6 Rxe6 20. Bh3 Re7 21. Rac1
Qb8 22. Rc2 Ne8 23. Kh1 Nc7 24. Ra1 Nb5 1/2-1/2

[Event "12.Traum-Open"]
[Site "Oberstdorf"]
[Date "2005.07.14"]
[Round "7"]
[White "Buchäckert, Jürgen"]
[Black "Schwarz, Werner"]
[Result "1-0"]
[WhiteElo "1898"]
[BlackElo "1963"]
[PlyCount "51"]
[EventDate "2005.??.??"]

1. e4 c6 2. Nc3 d5 3. Nf3 dxe4 4. Nxe4 Bg4 5. h3 Bxf3 6. Qxf3 e6 7. Bc4 Nd7 8.
d4 Ngf6 9. c3 Nxe4 10. Qxe4 Nf6 11. Qf3 h6 12. Qg3 Qd7 13. O-O O-O-O 14. Qf3
Bd6 15. a4 Nd5 16. b4 Bc7 17. b5 Qd6 18. g3 Rdf8 19. Ba3 Qd7 20. Bxf8 Rxf8 21.
Bxd5 exd5 22. bxc6 Qxc6 23. Qg4+ f5 24. Qxg7 Qd6 25. Rae1 Bd8 26. Qe5 1-0

[Event "12.Traum-Open"]
[Site "Oberstdorf"]
[Date "2005.07.14"]
[Round "7"]
[White "Kreie, Günter"]
[Black "Aicher, Hans"]
[Result "1-0"]
[WhiteElo "1942"]
[BlackElo "1798"]
[PlyCount "53"]
[EventDate "2005.??.??"]

1. e4 c6 2. d4 d5 3. exd5 cxd5 4. c4 Nf6 5. Nc3 e6 6. Nf3 Bb4 7. Bd2 Nc6 8. a3
Bxc3 9. Bxc3 Ne4 10. Qc2 h6 11. Bd3 Nxc3 12. Qxc3 b6 13. O-O Bb7 14. cxd5 Qxd5
15. Bc4 Qd6 16. d5 Na5 17. dxe6 Nxc4 18. exf7+ Kxf7 19. Qxc4+ Bd5 20. Qd4 Rhd8
21. Ne5+ Kg8 22. f4 Qf6 23. Qf2 Rac8 24. Rac1 Qf5 25. Rfe1 Bb7 26. Qe3 Rc2 27.
Qb3+ 1-0

[Event "12.Traum-Open"]
[Site "Oberstdorf"]
[Date "2005.07.14"]
[Round "7"]
[White "Wechs, Julian"]
[Black "Bullock, Alfred"]
[Result "1/2-1/2"]
[WhiteElo "1237"]
[BlackElo "1490"]
[PlyCount "39"]
[EventDate "2005.??.??"]

1. e4 e5 2. Nf3 Nf6 3. Nxe5 d6 4. Nf3 Nxe4 5. d4 Be7 6. Bd3 d5 7. O-O O-O 8.
Re1 Bf5 9. c4 Bb4 10. Re2 Re8 11. c5 c6 12. a3 Ba5 13. b4 Bc7 14. Qc2 Nd7 15.
Nc3 Nxc3 16. Qxc3 Bxd3 17. Qxd3 Rxe2 18. Qxe2 Qe8 19. Qxe8+ Rxe8 20. Be3
1/2-1/2

[Event "12.Traum-Open"]
[Site "Oberstdorf"]
[Date "2005.07.14"]
[Round "7"]
[White "Lübbers, Doris"]
[Black "Kumeth, Hartmut"]
[Result "1/2-1/2"]
[WhiteElo "1347"]
[BlackElo "1600"]
[PlyCount "69"]
[EventDate "2005.??.??"]

1. d4 Nf6 2. Nf3 d5 3. e3 e6 4. Bd3 c5 5. b3 cxd4 6. exd4 Nc6 7. c3 Bd6 8. O-O
Qc7 9. Re1 Bd7 10. Bb2 h6 11. Nbd2 g5 12. c4 O-O-O 13. cxd5 exd5 14. Rc1 Kb8
15. Ne5 Be6 16. Nxc6+ bxc6 17. Nf3 Rc8 18. Ne5 Qb6 19. a3 Rhe8 20. b4 Re7 21.
Re2 Rec7 22. Rec2 Bxe5 23. dxe5 Nd7 24. Qe2 Kb7 25. h3 Rd8 26. Qh5 Rh8 27. Qf3
h5 28. Bf5 Rh6 29. g4 h4 30. Kg2 Qb5 31. Bxe6 fxe6 32. Bd4 Rh7 33. Qe3 Rg7 34.
Qe2 Qxe2 35. Rxe2 1/2-1/2

[Event "12.Traum-Open"]
[Site "Oberstdorf"]
[Date "2005.07.14"]
[Round "7"]
[White "Slacik, Johann"]
[Black "Thonig, Manfred"]
[Result "1/2-1/2"]
[WhiteElo "1904"]
[BlackElo "1913"]
[PlyCount "96"]
[EventDate "2005.??.??"]

1. d4 Nf6 2. c4 e6 3. Nf3 Ne4 4. Nbd2 Bb4 5. a3 Bxd2+ 6. Nxd2 f5 7. Nxe4 fxe4
8. Bf4 O-O 9. e3 Qf6 10. Qc2 c6 11. Qxe4 d5 12. Qc2 Nd7 13. Bd3 g6 14. O-O e5
15. dxe5 Nxe5 16. cxd5 cxd5 17. Bxe5 Qxe5 18. Rac1 Be6 19. Qd2 Rf7 20. Rc3 Raf8
21. f4 Qd6 22. Be2 Bf5 23. Bf3 Be6 24. Rd3 Rd8 25. Rd4 b6 26. Rd1 Rfd7 27. Kh1
Qc5 28. Rc1 Qf8 29. Rc6 Qf5 30. g4 Qf7 31. Rc3 Kg7 32. Rcd3 h5 33. gxh5 gxh5
34. Qg2+ Kh7 35. Qg5 Bf5 36. Rd2 Bg4 37. Bxg4 hxg4 38. f5 Rg8 39. Qh4+ Kg7 40.
Rxg4+ Kf8 41. Rxg8+ Qxg8 42. Qf6+ Qf7 43. Qxf7+ Kxf7 44. Kg2 Kf6 45. e4 d4 46.
Kf3 Ke5 47. Rd3 Rh7 48. f6 Rf7 1/2-1/2

[Event "12.Traum-Open"]
[Site "Oberstdorf"]
[Date "2005.07.14"]
[Round "7"]
[White "Gestrich, Wolfgang"]
[Black "Pscherer, Gerhard"]
[Result "1/2-1/2"]
[WhiteElo "1783"]
[BlackElo "1623"]
[PlyCount "39"]
[EventDate "2005.??.??"]

1. c4 f5 2. Nc3 e5 3. d4 e4 4. e3 Nf6 5. g3 c6 6. Nh3 d6 7. Nf4 Be7 8. h4 O-O
9. Be2 Qe8 10. a3 a6 11. d5 c5 12. Na4 Bd8 13. b4 b6 14. bxc5 bxc5 15. Rb1 Ng4
16. Nb6 Bxb6 17. Rxb6 Qe7 18. Qc2 Nd7 19. Rb3 Nde5 20. Qd1 1/2-1/2

[Event "12.Traum-Open"]
[Site "Oberstdorf"]
[Date "2005.07.10"]
[Round "2"]
[White "Schwarz, Werner"]
[Black "Winkler, Hans"]
[Result "1/2-1/2"]
[WhiteElo "1963"]
[BlackElo "1615"]
[PlyCount "70"]
[EventDate "2005.??.??"]

1. e4 c5 2. Nf3 d6 3. d4 cxd4 4. Nxd4 Nf6 5. Nc3 Nc6 6. Bg5 a6 7. Be2 e6 8. O-O
Be7 9. Kh1 Qb6 10. Nb3 Ne5 11. Be3 Qc6 12. Nd4 Qc7 13. f4 Nc4 14. Bxc4 Qxc4 15.
h3 b5 16. e5 dxe5 17. fxe5 Nd5 18. Nxd5 Qxd5 19. Qf3 Qxf3 20. Nxf3 h6 21. c3
Bb7 22. Rad1 Bd5 23. b3 Rc8 24. Bd4 O-O 25. Nd2 Rfd8 26. Rfe1 Bh4 27. Re2 Be7
28. Kh2 Rf8 29. Nf1 Rfd8 30. Ne3 Ba8 31. Rde1 b4 32. Nc4 bxc3 33. Bxc3 Bd5 34.
Ba5 Bxc4 35. bxc4 Rd4 1/2-1/2

[Event "12.Traum-Open"]
[Site "Oberstdorf"]
[Date "2005.07.10"]
[Round "2"]
[White "Sander, Rolf"]
[Black "Buchäckert, Jürgen"]
[Result "1-0"]
[WhiteElo "2046"]
[BlackElo "1898"]
[PlyCount "48"]
[EventDate "2005.??.??"]

1. e4 d5 2. exd5 Qxd5 3. Nc3 Qa5 4. d4 c6 5. Bc4 Bf5 6. Bd2 e6 7. g4 Bg6 8. h4
h5 9. Nh3 hxg4 10. Nf4 Bf5 11. Qe2 Bb4 12. d5 cxd5 13. Nfxd5 Nc6 14. Bb5 Rc8
15. a3 Be7 16. Ne3 Qc7 17. O-O-O Nf6 18. Nxf5 exf5 19. Rhe1 Kf8 20. Bg5 Ng8 21.
Nd5 Bxg5+ 22. hxg5 Qb8 23. Qd3 a6 24. Nb6 Rd8 1-0

[Event "12.Traum-Open"]
[Site "Oberstdorf"]
[Date "2005.07.15"]
[Round "8"]
[White "Fischer, Roger"]
[Black "Fehres, Werner"]
[Result "1-0"]
[WhiteElo "2175"]
[BlackElo "2033"]
[PlyCount "89"]
[EventDate "2005.??.??"]

1. Nf3 d6 2. d4 Nf6 3. g3 c6 4. c4 Na6 5. Nc3 e6 6. Bg2 Be7 7. O-O O-O 8. e4
Ne8 9. Qe2 Bd7 10. a3 Nac7 11. b4 Rb8 12. Rd1 f6 13. Be3 b6 14. Ne1 g5 15. Nd3
Rf7 16. f4 Rg7 17. Kh1 g4 18. f5 h5 19. Nf4 Rh7 20. fxe6 Nxe6 21. Nxe6 Bxe6 22.
d5 cxd5 23. exd5 Bd7 24. Rac1 Ng7 25. c5 bxc5 26. bxc5 dxc5 27. d6 Bf8 28. Bxc5
h4 29. Kg1 hxg3 30. hxg3 Nh5 31. Bxa7 Qa5 32. Bxb8 Qb6+ 33. Qf2 Qxb8 34. Ne4 f5
35. Nc5 Bxd6 36. Nxd7 Rxd7 37. Qxf5 Nf6 38. Qxf6 Bc5+ 39. Kf1 Qb5+ 40. Ke1 Qa5+
41. Qc3 Re7+ 42. Kd2 Be3+ 43. Kc2 Qf5+ 44. Kb2 Bxc1+ 45. Rxc1 1-0

[Event "12.Traum-Open"]
[Site "Oberstdorf"]
[Date "2005.07.15"]
[Round "8"]
[White "Graf, Joachim"]
[Black "Maugg, Ludwig"]
[Result "0-1"]
[WhiteElo "2145"]
[BlackElo "2147"]
[PlyCount "92"]
[EventDate "2005.??.??"]

1. d4 Nf6 2. Nf3 g6 3. c4 Bg7 4. Nc3 d6 5. g3 O-O 6. Bg2 Nbd7 7. O-O e5 8. e4
exd4 9. Nxd4 Re8 10. Re1 a6 11. h3 Rb8 12. Be3 Ne5 13. b3 c5 14. Nf3 Nxf3+ 15.
Qxf3 b5 16. Bg5 h6 17. Bxf6 Bxf6 18. cxb5 axb5 19. Rad1 Bd4 20. Nd5 Re6 21. Qf4
Kg7 22. Qd2 Bb7 23. Nc3 Qb6 24. Ne2 Be5 25. f4 Bf6 26. f5 gxf5 27. exf5 c4+ 28.
Kh2 Qf2 29. Nf4 Qxd2 30. Nxe6+ fxe6 31. Rxd2 Bc3 32. Rxe6 Bxd2 33. Re7+ Kf6 34.
Rxb7 Rxb7 35. Bxb7 Kxf5 36. bxc4 bxc4 37. Kg2 Ke5 38. Kf2 d5 39. Ke2 Ba5 40. g4
d4 41. Ba6 d3+ 42. Kd1 Kd4 43. h4 Bd8 44. Bxc4 Kxc4 45. h5 Bg5 46. Ke1 Kb4 0-1

[Event "12.Traum-Open"]
[Site "Oberstdorf"]
[Date "2005.07.15"]
[Round "8"]
[White "Siegmund, Rainer"]
[Black "Buchäckert, Jürgen"]
[Result "1/2-1/2"]
[WhiteElo "2149"]
[BlackElo "1898"]
[PlyCount "52"]
[EventDate "2005.??.??"]

1. d4 Nf6 2. c4 g6 3. Nc3 d5 4. Nf3 Bg7 5. Bg5 Ne4 6. Bh4 Nxc3 7. bxc3 dxc4 8.
e3 b5 9. a4 c6 10. Be2 a6 11. Nd2 O-O 12. Bf3 Ra7 13. O-O Bf5 14. Re1 Bd3 15.
Nb3 Qc8 16. Nc5 Bf5 17. e4 Be6 18. e5 Rd8 19. h3 Bd5 20. Bg4 Qc7 21. Bg3 e6 22.
Bh4 Re8 23. Qd2 Nd7 24. Ne4 Bxe4 25. Rxe4 Nb6 26. Bd1 Nd5 1/2-1/2

[Event "12.Traum-Open"]
[Site "Oberstdorf"]
[Date "2005.07.15"]
[Round "8"]
[White "Schirmer, Werner"]
[Black "Schäfer, Thomas"]
[Result "1/2-1/2"]
[WhiteElo "2050"]
[BlackElo "1979"]
[PlyCount "32"]
[EventDate "2005.??.??"]

1. e4 g6 2. d4 Nf6 3. e5 Nh5 4. Be2 d6 5. exd6 Qxd6 6. Be3 Nf6 7. Nc3 c6 8. Qd2
Bf5 9. Bf4 Qd8 10. O-O-O Bg7 11. Bh6 Bxh6 12. Qxh6 Nbd7 13. Bd3 Bxd3 14. Rxd3
Qa5 15. Nge2 Nb6 16. Kb1 O-O-O 1/2-1/2

[Event "12.Traum-Open"]
[Site "Oberstdorf"]
[Date "2005.07.15"]
[Round "8"]
[White "Lücke, Volkmar"]
[Black "Lübbers, Doris"]
[Result "1-0"]
[WhiteElo "2009"]
[BlackElo "1347"]
[PlyCount "61"]
[EventDate "2005.??.??"]

1. Nf3 c5 2. g3 Nc6 3. Bg2 g6 4. O-O Bg7 5. c3 Nf6 6. d4 cxd4 7. cxd4 e6 8. Nc3
d5 9. Bf4 a6 10. Ne5 O-O 11. a3 Nd7 12. Nxc6 bxc6 13. Bd6 Re8 14. Na4 Nb6 15.
Bc5 Nxa4 16. Qxa4 Bb7 17. f4 Bf8 18. Rac1 Bxc5 19. Rxc5 Qd7 20. e3 Rec8 21.
Rfc1 Qe8 22. Bf1 Kf8 23. Ra5 h6 24. Bxa6 Bxa6 25. Rxa6 Rxa6 26. Qxa6 Qd7 27.
Rc5 Ke8 28. b4 Kd8 29. Kg2 Rc7 30. Qb6 Qc8 31. Rxc6 1-0

[Event "12.Traum-Open"]
[Site "Oberstdorf"]
[Date "2005.07.15"]
[Round "8"]
[White "Johanssen, Torsten"]
[Black "Sander, Rolf"]
[Result "1/2-1/2"]
[WhiteElo "1900"]
[BlackElo "2046"]
[PlyCount "34"]
[EventDate "2005.??.??"]

1. c4 e6 2. Nc3 d5 3. cxd5 exd5 4. d4 c5 5. Nf3 Nc6 6. e3 Nf6 7. dxc5 Bxc5 8.
Bd3 O-O 9. O-O Re8 10. Bc2 a6 11. a3 d4 12. exd4 Nxd4 13. Nxd4 Qxd4 14. Be3
Qxd1 15. Nxd1 Bxe3 16. Nxe3 Be6 17. Rfd1 Red8 1/2-1/2

[Event "12.Traum-Open"]
[Site "Oberstdorf"]
[Date "2005.07.15"]
[Round "8"]
[White "Storkebaum, Karl-Heinrich"]
[Black "Sakowski, Christian"]
[Result "1-0"]
[WhiteElo "2023"]
[BlackElo "1986"]
[PlyCount "87"]
[EventDate "2005.??.??"]

1. d4 Nf6 2. c4 g6 3. Nc3 d5 4. Nf3 Bg7 5. e3 O-O 6. b3 c5 7. Bb2 Nc6 8. Be2
Qa5 9. O-O dxc4 10. Bxc4 Bg4 11. h3 Bxf3 12. Qxf3 cxd4 13. exd4 Rad8 14. Rfd1
a6 15. a4 e6 16. Ne2 Nd5 17. Rac1 Ncb4 18. Ba3 Rfe8 19. Bxd5 Nxd5 20. Rc5 Qb6
21. Rc4 Qa7 22. a5 b5 23. axb6 Qxb6 24. Bc5 Qb7 25. Ra4 Ra8 26. Rda1 Rec8 27.
b4 Bf8 28. Nc3 Qc6 29. Nxd5 exd5 30. Qd3 Qe6 31. Rxa6 Rxa6 32. Qxa6 Qd7 33. Qd3
Qe6 34. Qe3 Qc6 35. Qf3 Re8 36. g3 Bg7 37. Ra7 Bf6 38. b5 Qe6 39. Kg2 Bg7 40.
Ra6 Qc8 41. Qxd5 Rd8 42. Rd6 Rxd6 43. Qxd6 Qb7+ 44. Qc6 1-0

[Event "12.Traum-Open"]
[Site "Oberstdorf"]
[Date "2005.07.15"]
[Round "8"]
[White "Winkler, Hans"]
[Black "Kreie, Günter"]
[Result "0-1"]
[WhiteElo "1615"]
[BlackElo "1942"]
[PlyCount "77"]
[EventDate "2005.??.??"]

1. c4 Nf6 2. Nc3 e6 3. g3 d5 4. cxd5 exd5 5. d4 Be7 6. Bg2 O-O 7. Nf3 c5 8. O-O
Nc6 9. a3 c4 10. b3 Ne4 11. Nxe4 dxe4 12. Ne1 cxb3 13. Bb2 Qd5 14. e3 Bf5 15.
f3 Bg5 16. f4 Bh6 17. g4 Bd7 18. g5 Bxg5 19. Qh5 Na5 20. fxg5 Nc4 21. Qe2 Bb5
22. a4 Ba6 23. Rf4 Qxg5 24. Qf2 Rac8 25. Kh1 f5 26. Rc1 g6 27. Rc3 Na5 28. Qd2
b6 29. d5 Nc4 30. Qc1 Nxb2 31. Qxb2 Qf6 32. Rxb3 Qxb2 33. Rxb2 Rc1 34. h3 Rxe1+
35. Kh2 Rd1 36. Rbf2 Re8 37. Bf1 Bxf1 38. Rxf1 Rxd5 39. R4f2 0-1

[Event "12.Traum-Open"]
[Site "Oberstdorf"]
[Date "2005.07.15"]
[Round "8"]
[White "Schwarz, Werner"]
[Black "Froehlich, Rainer"]
[Result "0-1"]
[WhiteElo "1963"]
[BlackElo "2128"]
[PlyCount "94"]
[EventDate "2005.??.??"]

1. e4 c5 2. Nf3 g6 3. d4 Bg7 4. Be3 Qb6 5. Na3 Qxb2 6. Nc4 Qb4+ 7. Bd2 Qa4 8.
Nb2 Qc6 9. d5 Qc7 10. Rb1 Nf6 11. Bd3 d6 12. h3 O-O 13. O-O Bd7 14. Qe2 b5 15.
c4 b4 16. Nd1 e5 17. Ne3 Nh5 18. Nc2 f5 19. Kh2 fxe4 20. Bxe4 Nf4 21. Bxf4 Rxf4
22. Ng5 Rf6 23. Bf3 Kh8 24. Ne4 Rf8 25. Bg4 Bh6 26. Ne3 Bf5 27. Bxf5 gxf5 28.
Qh5 Bf4+ 29. Ng3 Qf7 30. Qf3 Qg6 31. Kh1 Bxg3 32. fxg3 f4 33. gxf4 Rxf4 34. Qe2
Nd7 35. Rxf4 exf4 36. Qb2+ Kg8 37. Ng4 h5 38. Nf2 Ne5 39. Rc1 Rf8 40. Qb3 Kh8
41. Qc2 Qh6 42. Re1 f3 43. g3 Rg8 44. Kh2 h4 45. Ng4 hxg3+ 46. Kxg3 Qg5 47. Kf2
Qh4+ 0-1

[Event "12.Traum-Open"]
[Site "Oberstdorf"]
[Date "2005.07.15"]
[Round "8"]
[White "Aicher, Hans"]
[Black "Bullock, Alfred"]
[Result "1/2-1/2"]
[WhiteElo "1798"]
[BlackElo "1490"]
[PlyCount "90"]
[EventDate "2005.??.??"]

1. d4 g6 2. c4 Bg7 3. Nc3 Nf6 4. e4 d6 5. Be2 O-O 6. Bg5 e5 7. dxe5 dxe5 8.
Qxd8 Rxd8 9. Bxf6 Bxf6 10. Nd5 Rxd5 11. cxd5 Bd7 12. h4 c6 13. Bc4 cxd5 14.
Bxd5 Nc6 15. Nf3 Nb4 16. O-O Nxd5 17. exd5 Bf5 18. Rfd1 e4 19. Nd4 Bg4 20. f3
exf3 21. Nxf3 b6 22. Rd2 Bxf3 23. gxf3 Bxh4 24. d6 h5 25. d7 Kf8 26. Rad1 Rd8
27. Kg2 Ke7 28. Re2+ Kf8 29. b4 Be7 30. a3 g5 31. Rc2 f6 32. Rc7 a5 33. bxa5
bxa5 34. a4 Kf7 35. Rd5 Ke6 36. Rd4 Bd6 37. Re4+ Be5 38. Ra7 Rxd7 39. Rxa5 Rd2+
40. Kf1 h4 41. Ra7 h3 42. Rh7 h2 43. Re2 Rd1+ 44. Re1 Rd2 45. Re2 Rd1+ 1/2-1/2

[Event "12.Traum-Open"]
[Site "Oberstdorf"]
[Date "2005.07.15"]
[Round "8"]
[White "Pscherer, Gerhard"]
[Black "Wechs, Julian"]
[Result "1-0"]
[WhiteElo "1623"]
[BlackElo "1237"]
[PlyCount "83"]
[EventDate "2005.??.??"]

1. d4 Nf6 2. Nf3 g6 3. e3 Bg7 4. Be2 O-O 5. b3 d6 6. Bb2 Nbd7 7. Nc3 Re8 8. Qd2
e5 9. dxe5 dxe5 10. O-O-O e4 11. Ne1 c6 12. g4 h6 13. h4 Nh7 14. Ng2 Qc7 15.
Nf4 a5 16. Na4 Bxb2+ 17. Nxb2 b5 18. Qc3 Qb6 19. Rd6 Ne5 20. Rhd1 b4 21. Qd2
Bb7 22. Nc4 Nxc4 23. Bxc4 Kg7 24. Nd5 Qc5 25. Nc7 Qe5 26. Nxe8+ Rxe8 27. Qd4
Qxd4 28. R1xd4 Re7 29. Rd7 Kf8 30. Rd8+ Kg7 31. R8d7 Kf8 32. Rxe7 Kxe7 33.
Rxe4+ Kd6 34. Bxf7 g5 35. Rd4+ Ke7 36. hxg5 Nxg5 37. Bc4 Kf6 38. f4 Nf3 39. Rd7
Bc8 40. Rd6+ Ke7 41. Rxc6 Bxg4 42. Rxh6 1-0